000 01143nam a22003017a 4500
001 7604
003 FISKH
005 20250725153307.0
008 250725b cb ||||| |||| 00| 0 eng d
020 _a9780746012819
040 _aFISKH
_beng
_cFISKH
_dFISKH
050 _aPZ7.C58 M
082 _a823.914
100 _aCivardi, Anne
245 _aUsborne first experiences :
_bMoving house /
_cAnne Civardi ; Illustrated by Stephen Cartwright ; Consultant: Betty Root
250 _aThis edition first published in 1992
260 _aLondon :
_bUsborne,
_c1985
300 _a14 unnumbered pages :
_bcolor illustrations ;
_c21 cm
505 _aG
520 _aIntroduces young children to unfamiliar situations in a friendly way. This book features illustrations, providing lots to look at and talk about. It provides a starting point for young children and adults to discuss first experiences.
521 8 _a350 estimated
_bLexile
521 8 _aG
_bRaz-Plus
650 _2Usborne
_a641 Moving
650 _2Category-misc.
_aPA - Family
700 _aCartwright, Stephen
_dillustrator
942 _2ddc
_cBK
_n0
999 _c7604
_d7604